| 000 | 00804pam a2200265 a 4500 | ||
|---|---|---|---|
| 999 |
_c4954 _d4954 |
||
| 003 | OSt | ||
| 005 | 20220331121229.0 | ||
| 008 | 850823s1986 enka b 001 0 eng c | ||
| 020 | _a0045740356 (pbk. : alk. paper) | ||
| 020 | _a0045740348 (hard : alk. paper) | ||
| 040 | _cALUPE UNIVERSITY COLLEGE | ||
| 050 | 0 | 0 |
_aQH647 _b.L33 1986 |
| 060 | _aQH 647 L141c | ||
| 100 | 1 | _aLackie, J. M. | |
| 245 | 1 | 0 |
_aCell movement and cell behaviour / _cJ.M. Lackie. |
| 260 |
_aLondon ; _aBoston : _bAllen & Unwin, _c1986. |
||
| 300 |
_axv, 316 p. : _bill. ; _c24 cm. |
||
| 500 | _aIncludes index. | ||
| 504 | _aBibliography: p. 289-309. | ||
| 650 | 0 |
_aCells _xMotility. |
|
| 650 | 2 | _aCell Movement. | |
| 650 | 2 |
_aCells _xphysiology. |
|
| 906 |
_a7 _bcbc _corignew _d1 _eocip _f19 _gy-gencatlg |
||
| 942 |
_2lcc _cBK _nPW |
||